PSICOTERAPIA PARA EL MEDICO PRACTICO /

TRADUCCION DE: PSICHOTHERAPIE FUR DEN PRAKTISCHEN ARTZ

Sparad:
Bibliografiska uppgifter
Huvudupphov: Stokvis, Berthold (autor)
Materialtyp: Bok
Utgiven: Madrid, España : Morata, 1964, c1964
Serie:(Ciencias Biológicas)
Ämnen:
Taggar: Lägg till en tagg
Inga taggar, Lägg till första taggen!

MARC

LEADER 00000nam^a2200000^a^4500
001 000240947
005 20250521000000.0
009 20260310105155.809
035 |a 064401 
037 |a Acervo Xavier Clavigero 
082 |a 616. 8914  |b STO 
100 |a Stokvis, Berthold  |e (autor) 
245 1 0 |a PSICOTERAPIA PARA EL MEDICO PRACTICO /  |c BERTHOLD STOKVIS ; TR. A. LINARES MAZA 
264 4 |a Madrid, España :  |b Morata,  |c 1964, c1964 
300 |a 157 p. 
336 |a texto  |b txt  |2 rdacontenido 
337 |a sin mediación  |b n  |2 rdamedio 
338 |a volumen  |b nc  |2 rdasoporte 
440 1 |a (Ciencias Biológicas) 
520 |a TRADUCCION DE: PSICHOTHERAPIE FUR DEN PRAKTISCHEN ARTZ 
649 |a XX 
650 |a Psicoterapia 
910 |a Fondo General 
920 |a Impresos - Libros 
930 |a Colección General 
905 |a 101 
901 |a 064401  |b IT1  |c ACC  |i 064401  |u 20250521 
902 |a https://opac.biblio.iteso.mx/vufind/Record/000240947